[Event "TH-S-1419"]
[Site "IECC email"]
[Date "2022.02.06"]
[Round "?"]
[White "Cruz, Eliecer"]
[Black "Hervas, Fernando"]
[Result "1/2-1/2"]
[WhiteElo "1962"]
[BlackElo "2135"]
[PlyCount "39"]
[EventDate "2022.??.??"]
[EventType "tourn (corr)"]
[SourceTitle "Corr 2024"]
[Source "ChessBase"]
[SourceDate "2023.10.19"]
[SourceVersion "1"]
[SourceVersionDate "2023.10.19"]
[SourceQuality "1"]
[WhiteTeam "Kuba"]
[BlackTeam "Spanien"]
[WhiteTeamCountry "CUB"]
[BlackTeamCountry "ESP"]

1. e4 e5 2. Nf3 Nc6 3. d4 exd4 4. Nxd4 Nf6 5. Nxc6 dxc6 6. Qxd8+ Kxd8 7. Nc3 a5 8. Be3 Ng4 9. Rd1+ Bd7 10. Bf4 f6 11. Be2 Ne5 12. Bg3 a4 13. a3 Kc8 14. f4 Nf7 15. Bc4 Nd6 16. Ba2 Nb5 17. Ne2 Nd6 18. Nc3 Nb5 19. Ne2 Nd6 20. Nc3 1/2-1/2

[Event "IECC TH-M-3633"]
[Site "IECC email"]
[Date "2021.06.29"]
[Round "?"]
[White "Cruz, Eliecer"]
[Black "Hervas, Fernando"]
[Result "1/2-1/2"]
[WhiteElo "2148"]
[BlackElo "2068"]
[PlyCount "61"]
[EventDate "2021.??.??"]
[EventType "tourn (corr)"]
[SourceTitle "Corr 2024"]
[Source "ChessBase"]
[SourceDate "2023.10.19"]
[SourceVersion "1"]
[SourceVersionDate "2023.10.19"]
[SourceQuality "1"]
[WhiteTeam "Kuba"]
[BlackTeam "Spanien"]
[WhiteTeamCountry "CUB"]
[BlackTeamCountry "ESP"]

1. e4 e5 2. Nf3 Nc6 3. Bb5 a6 4. Ba4 Nf6 5. 0-0 Be7 6. Bxc6 dxc6 7. d3 Nd7 8. Nc3 0-0 9. Ne2 c5 10. Ng3 f6 11. c3 Nb8 12. d4 cxd4 13. cxd4 exd4 14. Nxd4 Rf7 15. Be3 Bd7 16. Qc2 Nc6 17. Nxc6 Bxc6 18. Rfd1 Qe8 19. Nf5 Bf8 20. f3 Ba4 21. b3 Bd7 22. Bf2 Rc8 23. Rac1 Ba3 24. Ra1 h6 25. g4 b5 26. Kg2 Bf8 27. Rd3 Bxf5 28. exf5 Re7 29. Rd5 c6 30. Rc1 Rec7 31. Rd2 1/2-1/2

[Event "IECC CL2-2020.04 email"]
[Site "IECC email"]
[Date "2020.09.28"]
[Round "?"]
[White "Hervas, Fernando"]
[Black "Cruz, Eliecer"]
[Result "1/2-1/2"]
[WhiteElo "2023"]
[BlackElo "2133"]
[PlyCount "190"]
[EventDate "2020.??.??"]
[EventType "tourn (corr)"]
[EventRounds "4"]
[SourceTitle "Corr 2024"]
[Source "ChessBase"]
[SourceDate "2023.10.19"]
[SourceVersion "1"]
[SourceVersionDate "2023.10.19"]
[SourceQuality "1"]
[WhiteTeam "Spanien"]
[BlackTeam "Kuba"]
[WhiteTeamCountry "ESP"]
[BlackTeamCountry "CUB"]

1. Nf3 c5 2. g3 d5 3. Bg2 Nc6 4. 0-0 e5 5. c4 dxc4 6. Qa4 Bd7 7. Qxc4 Nf6 8. d3 h6 9. Be3 b6 10. Nfd2 Be7 11. Nc3 0-0 12. Qa6 Re8 13. Nc4 Bf8 14. Rac1 Re6 15. Qa4 Nd4 16. Qd1 Bc6 17. f3 b5 18. Nd2 Re8 19. Bf2 Qb6 20. e3 Ne6 21. Qc2 Rad8 22. a4 a6 23. Nde4 Nd7 24. g4 c4 25. dxc4 bxc4 26. Nd2 Qb4 27. Na2 Qxa4 28. Qxc4 Qxc4 29. Nxc4 e4 30. fxe4 Bb5 31. Rfd1 Ba4 32. Rf1 Bb3 33. Na5 Bxa2 34. Ra1 Ne5 35. Rxa2 Nxg4 36. Nc4 Nc5 37. Bh4 Rd3 38. Ra3 Rxa3 39. bxa3 Nxe4 40. Rf4 Ngf6 41. Bxf6 Nxf6 42. Rf5 Rc8 43. Bf1 Rc6 44. Ra5 Ne4 45. Rf5 Ng5 46. h4 Ne4 47. Rf4 Nf6 48. Bg2 Rc5 49. Kf2 Be7 50. Bb7 a5 51. Bf3 g6 52. Rd4 Nh5 53. Be2 Ng7 54. Re4 Ne6 55. Bd1 Bf6 56. a4 h5 57. Be2 Rf5+ 58. Kg3 Bc3 59. Bd1 Rf1 60. Be2 Re1 61. Kf2 Ra1 62. Nd6 Be1+ 63. Kf3 Ra2 64. Rc4 g5 65. Rc8+ Kg7 66. Bc4 g4+ 67. Ke4 Rxa4 68. Kf5 Bxh4 69. Bxe6 fxe6+ 70. Kxe6 g3 71. Nf5+ Kg6 72. Rg8+ Kh7 73. Rg7+ Kh8 74. Rg6 Rg4 75. Rh6+ Kg8 76. Nxh4 Rxh4 77. Rg6+ Kh7 78. Rxg3 Rg4 79. Rh3 Kg6 80. Ke5 Rg5+ 81. Ke6 a4 82. e4 Ra5 83. Rg3+ Kh6 84. Ra3 Ra6+ 85. Kf5 Kg7 86. e5 Kf7 87. Ke4 Ke6 88. Kd4 Ra5 89. Kc4 h4 90. Kd4 Kf5 91. Rf3+ Kg4 92. Rf1 h3 93. e6 Ra8 94. Ke5 a3 95. Kd6 a2 1/2-1/2

[Event "TH-S-1241"]
[Site "IECC email"]
[Date "2020.05.27"]
[Round "?"]
[White "Hervas, Fernando"]
[Black "Cruz, Eliecer"]
[Result "1/2-1/2"]
[WhiteElo "2031"]
[BlackElo "2075"]
[PlyCount "66"]
[EventDate "2020.??.??"]
[EventType "tourn (corr)"]
[SourceTitle "Corr 2024"]
[Source "ChessBase"]
[SourceDate "2023.10.19"]
[SourceVersion "1"]
[SourceVersionDate "2023.10.19"]
[SourceQuality "1"]
[WhiteTeam "Spanien"]
[BlackTeam "Kuba"]
[WhiteTeamCountry "ESP"]
[BlackTeamCountry "CUB"]

1. e4 e5 2. Nf3 Nf6 3. d3 Nc6 4. g3 d5 5. Nbd2 dxe4 6. dxe4 Bc5 7. h3 a5 8. Bb5 0-0 9. Qe2 Nb4 10. Nb3 Bd6 11. a3 Na6 12. a4 c6 13. Bc4 Bd7 14. Kf1 Nc7 15. Kg2 h6 16. Rd1 b5 17. Bd3 Qc8 18. Rh1 Ne6 19. Be3 Qb7 20. Rhd1 Rfb8 21. Qe1 Qc8 22. axb5 cxb5 23. Rxa5 Rxa5 24. Nxa5 Nf4+ 25. gxf4 Bxh3+ 26. Kh2 Qg4 27. Bf1 Bxf1 28. Qxf1 Qxf3 29. Rxd6 Ng4+ 30. Kg1 Nxe3 31. fxe3 Qg3+ 32. Kh1 exf4 33. exf4 Qh4+ 1/2-1/2

[Event "IECC TH-M-3509"]
[Site "IECC email"]
[Date "2020.05.20"]
[Round "?"]
[White "Hervas, Fernando"]
[Black "Cruz, Eliecer"]
[Result "1-0"]
[WhiteElo "2013"]
[BlackElo "2139"]
[PlyCount "47"]
[EventDate "2020.??.??"]
[EventType "tourn (corr)"]
[SourceTitle "Corr 2024"]
[Source "ChessBase"]
[SourceDate "2023.10.19"]
[SourceVersion "1"]
[SourceVersionDate "2023.10.19"]
[SourceQuality "1"]
[WhiteTeam "Spanien"]
[BlackTeam "Kuba"]
[WhiteTeamCountry "ESP"]
[BlackTeamCountry "CUB"]

1. Nf3 c5 2. g3 b6 3. Bg2 Bb7 4. 0-0 Nf6 5. d3 e6 6. Nbd2 d5 7. e4 Nc6 8. Re1 Be7 9. c3 0-0 10. e5 Nd7 11. Nf1 b5 12. h4 b4 13. a3 bxc3 14. bxc3 Rb8 15. Bf4 Qa5 16. Qc2 Rfc8 17. Rec1 Nf8 18. h5 h6 19. N1d2 Nd7 20. c4 Nb6 21. Rab1 dxc4 22. dxc4 Qxa3 23. Ra1 Qd3 24. Qxd3 1-0

[Event "IECC TH-M-3311"]
[Site "IECC email"]
[Date "2018.07.10"]
[Round "?"]
[White "Blittkowsky, Ralf"]
[Black "Hervas, Fernando"]
[Result "1-0"]
[WhiteElo "2094"]
[BlackElo "1996"]
[PlyCount "101"]
[EventDate "2018.??.??"]
[EventType "tourn (corr)"]
[SourceTitle "Corr 2020"]
[Source "ChessBase"]
[SourceDate "2019.09.30"]
[SourceVersion "1"]
[SourceVersionDate "2019.09.30"]
[SourceQuality "1"]
[WhiteTeam "Germany"]
[BlackTeam "Spain"]
[WhiteTeamCountry "GER"]
[BlackTeamCountry "ESP"]

1. e4 e5 2. Nf3 Nc6 3. Bb5 a6 4. Ba4 Nf6 5. d3 b5 6. Bb3 Be7 7. a4 Rb8 8. 0-0 0-0 9. h3 b4 10. a5 Rb5 11. Ba4 Rxa5 12. Be3 d5 13. Nbd2 Qd6 14. exd5 Nxd5 15. Nc4 Qg6 16. Nxa5 Bxh3 17. Bg5 Nxa5 18. gxh3 Bxg5 19. Nxe5 Qd6 20. d4 Nf4 21. Qf3 Qxd4 22. Rfe1 Bh4 23. Bd7 Ng6 24. Nxg6 hxg6 25. Re8 Qxd7 26. Rxf8+ Kxf8 27. Qa8+ Bd8 28. Rxa5 c6 29. Rc5 Kg8 30. Qxc6 Qe7 31. b3 Kh7 32. Kg2 a5 33. Qd5 Bc7 34. Kf1 Bb6 35. Rc6 Qa7 36. Rc8 Bxf2 37. Qd8 g5 38. Qxg5 Qa6+ 39. Rc4 Bb6 40. Qd5 Ba7 41. Qxf7 Be3 42. Qh5+ Bh6 43. Qf5+ g6 44. Qf7+ Bg7 45. Ke1 Qf6 46. Qxf6 Bxf6 47. Rc5 Bd8 48. Ke2 Kh6 49. Rd5 Bc7 50. Kf3 Kg7 51. Rd7+ 1-0

[Event "IECC TH-M-3256"]
[Site "IECC email"]
[Date "2018.02.24"]
[Round "?"]
[White "Hervas, Fernando"]
[Black "Martins, Karin"]
[Result "1/2-1/2"]
[WhiteElo "1997"]
[BlackElo "1982"]
[PlyCount "99"]
[EventDate "2018.??.??"]
[EventType "tourn (corr)"]
[SourceTitle "Corr 2020"]
[Source "ChessBase"]
[SourceDate "2019.09.30"]
[SourceVersion "1"]
[SourceVersionDate "2019.09.30"]
[SourceQuality "1"]
[WhiteTeam "Spain"]
[BlackTeam "Germany"]
[WhiteTeamCountry "ESP"]
[BlackTeamCountry "GER"]

1. d4 d5 2. c4 e5 3. dxe5 d4 4. Nf3 Nc6 5. e3 Bg4 6. Be2 Bb4+ 7. Kf1 dxe3 8. Qxd8+ Rxd8 9. Bxe3 Bxf3 10. gxf3 Nxe5 11. a3 Be7 12. Nc3 Nf6 13. Nb5 0-0 14. Nxa7 Ng6 15. Nb5 c6 16. Nd4 Nh5 17. Rd1 Bf6 18. b3 Ngf4 19. Nf5 Ne6 20. Nd6 Be7 21. c5 Rd7 22. Rg1 Rfd8 23. Rg4 Nf6 24. Rb4 b5 25. Rc1 Bxd6 26. cxd6 Nd5 27. Rh4 Rxd6 28. a4 Nxe3+ 29. fxe3 Rd2 30. Rxc6 bxa4 31. bxa4 Ra2 32. Rc1 Rdd2 33. Re1 g6 34. Rc4 Kf8 35. Kf2 f5 36. f4 Ke7 37. h4 Kd6 38. Rc8 Rxa4 39. Rh8 Ra7 40. Kf3 Nc5 41. h5 Raa2 42. hxg6 hxg6 43. Rh2 Nd3 44. Rg1 Nxf4 45. exf4 Ra3+ 46. Kf2 Rxe2+ 47. Kxe2 Ra2+ 48. Kf3 Rxh2 49. Rxg6+ Ke7 50. Kg3 1/2-1/2

[Event "IECC O-4592"]
[Site "IECC email"]
[Date "2017.09.07"]
[Round "?"]
[White "Hervas, Fernando"]
[Black "Polo, Paul Caresse"]
[Result "1/2-1/2"]
[WhiteElo "1982"]
[BlackElo "2013"]
[PlyCount "45"]
[EventDate "2017.??.??"]
[EventType "swiss (corr)"]
[EventRounds "2"]
[SourceTitle "Corr 2020"]
[Source "ChessBase"]
[SourceDate "2019.09.30"]
[SourceVersion "1"]
[SourceVersionDate "2019.09.30"]
[SourceQuality "1"]
[WhiteTeam "Spain"]
[BlackTeam "France"]
[WhiteTeamCountry "ESP"]
[BlackTeamCountry "FRA"]

1. e4 e6 2. d4 d5 3. Nc3 Nf6 4. Bg5 Bb4 5. e5 h6 6. Bd2 Bxc3 7. bxc3 Ne4 8. Qg4 g6 9. Bd3 Nxd2 10. Kxd2 c5 11. h4 Nc6 12. Nf3 cxd4 13. cxd4 Qa5+ 14. Ke2 b6 15. Qf4 Ba6 16. Rhc1 Qa3 17. Qe3 Rc8 18. Kf1 Nb4 19. Kg1 Rc3 20. Ne1 Nc6 21. Nf3 Nb4 22. Ne1 Nc6 23. Nf3 1/2-1/2

[Event "IECC TH-M-3095"]
[Site "IECC email"]
[Date "2017.01.09"]
[Round "?"]
[White "Hervas, Fernando"]
[Black "Martins, Karin"]
[Result "1/2-1/2"]
[WhiteElo "1989"]
[BlackElo "2019"]
[PlyCount "82"]
[EventDate "2017.??.??"]
[EventType "tourn (corr)"]
[SourceTitle "Corr 2020"]
[Source "ChessBase"]
[SourceDate "2019.09.30"]
[SourceVersion "1"]
[SourceVersionDate "2019.09.30"]
[SourceQuality "1"]
[WhiteTeam "Spain"]
[BlackTeam "Germany"]
[WhiteTeamCountry "ESP"]
[BlackTeamCountry "GER"]

1. e4 e5 2. Nf3 Nc6 3. Bb5 a6 4. Ba4 Nf6 5. 0-0 Be7 6. Re1 b5 7. Bb3 d6 8. c3 0-0 9. h3 Na5 10. Bc2 c5 11. d4 Qc7 12. Nbd2 Nc6 13. d5 Nd8 14. a4 Rb8 15. axb5 axb5 16. b4 Bd7 17. bxc5 Qxc5 18. Re3 Qc7 19. c4 Nb7 20. Ba3 Nc5 21. cxb5 Rxb5 22. Rc3 Rfb8 23. Qe1 Be8 24. Ba4 Qa5 25. Bxb5 Qxc3 26. Bxe8 Rxe8 27. Bxc5 Qxc5 28. Rc1 Qb5 29. Rc7 Bf8 30. Nc4 Qb8 31. Rc6 Rc8 32. Rb6 Qa7 33. Nfd2 Nd7 34. Rb4 Rb8 35. Rxb8 Qxb8 36. Qb1 Qa7 37. g3 Qa4 38. Kg2 Nc5 39. h4 h5 40. f3 g6 41. Kh2 Kg7 1/2-1/2

[Event "IECC TH-M-3003"]
[Site "IECC email"]
[Date "2016.01.13"]
[Round "?"]
[White "Balleste, Orlando Peraza"]
[Black "Hervas, Fernando"]
[Result "0-1"]
[WhiteElo "1968"]
[BlackElo "1981"]
[PlyCount "34"]
[EventDate "2016.??.??"]
[EventType "tourn (corr)"]
[SourceTitle "Corr 2020"]
[Source "ChessBase"]
[SourceDate "2019.09.30"]
[SourceVersion "1"]
[SourceVersionDate "2019.09.30"]
[SourceQuality "1"]
[WhiteTeam "Cuba"]
[BlackTeam "Spain"]
[WhiteTeamCountry "CUB"]
[BlackTeamCountry "ESP"]

1. e4 c5 2. c3 e6 3. Nf3 Nf6 4. e5 Nd5 5. d4 cxd4 6. cxd4 Nc6 7. Nc3 Nxc3 8. bxc3 d6 9. exd6 Qxd6 10. Bd3 Be7 11. 0-0 b6 12. Ng5 h6 13. Ne4 Qd7 14. Qf3 0-0 15. Bxh6 f5 16. Qg3 Rf7 17. Qxg7+ Rxg7 0-1

[Event "IECC TH-M-2991"]
[Site "IECC email"]
[Date "2015.12.07"]
[Round "?"]
[White "Martins, Karin"]
[Black "Hervas, Fernando"]
[Result "1-0"]
[WhiteElo "2013"]
[BlackElo "1997"]
[PlyCount "97"]
[EventDate "2015.??.??"]
[EventType "tourn (corr)"]
[SourceTitle "Corr 2020"]
[Source "ChessBase"]
[SourceDate "2019.09.30"]
[SourceVersion "1"]
[SourceVersionDate "2019.09.30"]
[SourceQuality "1"]
[WhiteTeam "Germany"]
[BlackTeam "Spain"]
[WhiteTeamCountry "GER"]
[BlackTeamCountry "ESP"]

1. e4 c5 2. c3 d5 3. exd5 Qxd5 4. d4 Nf6 5. Na3 cxd4 6. Nb5 Na6 7. Qxd4 Qxd4 8. Nxd4 e5 9. Nb5 Nd5 10. Bd2 f6 11. Nf3 Be6 12. Be2 Ndc7 13. a4 Be7 14. Be3 Kf7 15. Nxa7 Nd5 16. Nb5 Rhd8 17. Bc4 g5 18. Nd2 Rd7 19. a5 Kg6 20. 0-0-0 Nac7 21. Nxc7 Rxc7 22. Bb6 Rxc4 23. Nxc4 Nxb6 24. Nxb6 Rxa5 25. Rhe1 Bc5 26. Nd7 Bxf2 27. Nf8+ Kf7 28. Nxe6 Bxe1 29. Nxg5+ fxg5 30. Rxe1 Ra1+ 31. Kd2 Rxe1 32. Kxe1 Ke6 33. Kd2 Kd5 34. Kd3 e4+ 35. Kc2 h5 36. Kd2 Kc4 37. Kc2 Kc5 38. b3 Kd5 39. Kd2 Ke5 40. Ke3 Kd5 41. g3 g4 42. Kf4 b5 43. Ke3 Ke5 44. c4 bxc4 45. bxc4 Kf5 46. c5 Ke5 47. c6 Kd6 48. Kxe4 Kxc6 49. Kf5 1-0

[Event "IECC M-5326"]
[Site "IECC email"]
[Date "2005.09.15"]
[Round "?"]
[White "Morihama, Nicolau"]
[Black "Hervas, Fernando"]
[Result "1/2-1/2"]
[WhiteElo "2104"]
[BlackElo "1979"]
[PlyCount "123"]
[EventDate "2005.??.??"]
[EventType "tourn (corr)"]
[EventRounds "10"]
[SourceTitle "Corr 2020"]
[Source "ChessBase"]
[SourceDate "2019.09.30"]
[SourceVersion "1"]
[SourceVersionDate "2019.09.30"]
[SourceQuality "1"]
[WhiteTeam "Brazil"]
[BlackTeam "Spain"]
[WhiteTeamCountry "BRA"]
[BlackTeamCountry "ESP"]

1. c4 c5 2. Nc3 Nf6 3. g3 d5 4. cxd5 Nxd5 5. Bg2 Nc7 6. Nf3 Nc6 7. 0-0 e5 8. d3 Be7 9. Nd2 Bd7 10. Nc4 0-0 11. Bxc6 Bxc6 12. Nxe5 Be8 13. Be3 b6 14. d4 Nd5 15. Nxd5 Qxd5 16. Qb3 Qxb3 17. axb3 cxd4 18. Bxd4 f6 19. Nc4 Bf7 20. Ra6 Rfd8 21. e3 b5 22. Na5 Rd7 23. Rc1 Bd5 24. Nc6 Bf8 25. Nxa7 b4 26. Ra5 Bxb3 27. Nc6 Rxa5 28. Nxa5 Bd5 29. Kf1 Bd6 30. b3 Bf3 31. Nc4 Rc7 32. Ra1 Be7 33. Nd2 Bc6 34. Ra5 Bd7 35. Ke2 Kf7 36. f3 Rc1 37. h4 Bd8 38. Rd5 Ke8 39. g4 Rh1 40. h5 Bc6 41. Rc5 Kd7 42. Kd3 Bc7 43. Rf5 Ke6 44. e4 Be8 45. Rc5 Bf4 46. Be3 Bd6 47. Ra5 Rc1 48. Bd4 Bd7 49. Nc4 Bf4 50. Ra6+ Kf7 51. Ra1 Rxa1 52. Bxa1 Bb5 53. Bd4 Bd6 54. Ke3 Bh2 55. Kd2 g6 56. hxg6+ hxg6 57. Bc5 f5 58. gxf5 gxf5 59. Bxb4 Ke6 60. Kd3 Ba6 61. Ba5 Bb5 62. Be1 1/2-1/2

[Event "IECC M-5163"]
[Site "IECC email"]
[Date "2004.11.26"]
[Round "?"]
[White "Coyne, David"]
[Black "Hervas, Fernando"]
[Result "1-0"]
[WhiteElo "1963"]
[BlackElo "2021"]
[PlyCount "117"]
[EventDate "2004.??.??"]
[EventType "tourn (corr)"]
[EventRounds "10"]
[SourceTitle "Corr 2020"]
[Source "ChessBase"]
[SourceDate "2019.09.30"]
[SourceVersion "1"]
[SourceVersionDate "2019.09.30"]
[SourceQuality "1"]
[WhiteTeam "England"]
[BlackTeam "Spain"]
[WhiteTeamCountry "ENG"]
[BlackTeamCountry "ESP"]

1. d4 Nf6 2. Nf3 g6 3. c4 Bg7 4. g3 0-0 5. Bg2 d6 6. 0-0 Nbd7 7. Nc3 e5 8. h3 c6 9. e4 Ne8 10. Be3 Qe7 11. Re1 exd4 12. Nxd4 Nef6 13. Bg5 h6 14. Be3 Re8 15. f4 h5 16. Nb3 Rd8 17. Qc2 b6 18. e5 dxe5 19. Bxc6 Rb8 20. Qg2 Ba6 21. fxe5 Nxe5 22. Bd4 Nfd7 23. Bd5 Re8 24. Rad1 h4 25. g4 Qb4 26. Re4 Qe7 27. Rf1 Qg5 28. Be3 Qd8 29. Qf2 Qe7 30. g5 Bb7 31. Bf4 Bxd5 32. cxd5 Qf8 33. Qxh4 Rbc8 34. Bg3 Nc5 35. Re3 Nxb3 36. axb3 Qc5 37. Bf2 Qd6 38. Qf4 Qf8 39. Rfe1 Nd7 40. d6 Rxe3 41. Rxe3 Re8 42. Nd5 Rxe3 43. Bxe3 Be5 44. Ne7+ Kg7 45. Bd4 f6 46. Bxe5 Nxe5 47. Qe4 b5 48. Kh2 a5 49. Kg3 Qb8 50. gxf6+ Kxf6 51. Qf4+ Ke6 52. Qxe5+ Kxe5 53. Nc6+ Kxd6 54. Nxb8 Kc7 55. h4 Kxb8 56. Kf4 Kc7 57. Kg5 Kd6 58. Kxg6 Ke7 59. Kg7 1-0

[Event "IECC M-5137"]
[Site "IECC email"]
[Date "2004.10.14"]
[Round "?"]
[White "Williams, Derek"]
[Black "Hervas, Fernando"]
[Result "0-1"]
[WhiteElo "1676"]
[BlackElo "2017"]
[PlyCount "118"]
[EventDate "2004.??.??"]
[EventType "tourn (corr)"]
[EventRounds "10"]
[SourceTitle "Corr 2020"]
[Source "ChessBase"]
[SourceDate "2019.09.30"]
[SourceVersion "1"]
[SourceVersionDate "2019.09.30"]
[SourceQuality "1"]
[WhiteTeam "United States"]
[BlackTeam "Spain"]
[WhiteTeamCountry "USA"]
[BlackTeamCountry "ESP"]

1. e4 e5 2. Nf3 Nc6 3. Bc4 Nf6 4. 0-0 Bc5 5. d4 Bxd4 6. Nxd4 Nxd4 7. f4 d6 8. fxe5 dxe5 9. Bg5 Bg4 10. Bxf6 Bxd1 11. Bxd8 Rxd8 12. Rxd1 Nxc2 13. Nc3 Nxa1 14. Rxa1 Rd4 15. b3 c6 16. Rf1 f6 17. a4 Ke7 18. Kf2 Rhd8 19. g4 a6 20. a5 Rd2+ 21. Kg3 Rc2 22. Na4 Rdd2 23. h4 Rg2+ 24. Kf3 Rh2 25. Kg3 Rcg2+ 26. Kf3 Ra2 27. Kg3 Rhg2+ 28. Kf3 Rgc2 29. Bd3 Rh2 30. Kg3 Rag2+ 31. Kf3 Rd2 32. Ke3 Ra2 33. h5 Rh3+ 34. Rf3 Rh4 35. Nc5 Rxa5 36. Nxb7 Ra2 37. Rg3 Rhh2 38. Nc5 a5 39. Bc4 g6 40. Bd3 Rab2 41. Bc4 Rbc2 42. Na4 gxh5 43. gxh5 Rxh5 44. Kd3 Ra2 45. Nc5 Rg5 46. Rf3 h5 47. Kc3 h4 48. Bf1 Rg3 49. Rxg3 hxg3 50. Nb7 Kd7 51. Nc5+ Kc7 52. Ne6+ Kd6 53. Ng7 g2 54. Nf5+ Kc5 55. Bxg2 Rxg2 56. Ne7 Rg7 57. Nf5 Rh7 58. Kc2 Kb4 59. Nd6 Rh2+ 0-1

[Event "IECC M-5134"]
[Site "IECC email"]
[Date "2004.10.06"]
[Round "?"]
[White "Johnson, Bernie"]
[Black "Hervas, Fernando"]
[Result "0-1"]
[WhiteElo "1826"]
[BlackElo "2008"]
[PlyCount "132"]
[EventDate "2004.??.??"]
[EventType "tourn (corr)"]
[EventRounds "10"]
[SourceTitle "Corr 2020"]
[Source "ChessBase"]
[SourceDate "2019.09.30"]
[SourceVersion "1"]
[SourceVersionDate "2019.09.30"]
[SourceQuality "1"]
[WhiteTeam "United States"]
[BlackTeam "Spain"]
[WhiteTeamCountry "USA"]
[BlackTeamCountry "ESP"]

1. e4 e5 2. Nf3 Nc6 3. Bb5 a6 4. Bxc6 dxc6 5. 0-0 f6 6. d4 exd4 7. Nxd4 Bd6 8. Be3 Ne7 9. Nd2 0-0 10. c3 b5 11. b4 Qe8 12. Qb3+ Kh8 13. Rad1 Qh5 14. N2f3 Re8 15. Rfe1 a5 16. Bc1 Ng6 17. a3 Bd7 18. c4 axb4 19. axb4 bxc4 20. Qxc4 c5 21. bxc5 Qxc5 22. Qxc5 Bxc5 23. Nb3 Bd6 24. h3 Ba4 25. Rd3 Rad8 26. Rde3 Ne5 27. Nxe5 Rxe5 28. g4 Rb5 29. Nd4 Rb7 30. Ne2 Bc5 31. Rg3 Bc2 32. Ba3 Bb6 33. Nf4 Ba5 34. Re2 Rd2 35. Rge3 Rd1+ 36. Kg2 Bd2 37. Nd5 Bxe3 38. Rxc2 Bd4 39. Nxc7 Rbb1 40. Ne6 Rg1+ 41. Kf3 Rb3+ 42. Ke2 Bc3 43. Rc1 Rxc1 44. Bxc1 Rb1 45. Be3 Rh1 46. Kd3 Be5 47. f4 Bb2 48. Ke2 Rxh3 49. Kf2 Kg8 50. Nc7 Rh2+ 51. Kf3 Kf7 52. Nd5 Ke6 53. Nc7+ Kd7 54. Nd5 Rc2 55. f5 Bc1 56. Bd4 Kd6 57. Bc3 Bd2 58. Bd4 Ra2 59. Nb6 Bc1 60. Nc8+ Kc7 61. Ne7 Ra3+ 62. Ke2 Rb3 63. Bc5 Rg3 64. Nd5+ Kc6 65. Bf2 Rxg4 66. Kf3 h5 0-1

[Event "IECC M-4980"]
[Site "IECC email"]
[Date "2004.03.13"]
[Round "?"]
[White "Hervas, Fernando"]
[Black "Erikstad, Olav"]
[Result "1-0"]
[WhiteElo "1932"]
[BlackElo "1838"]
[PlyCount "87"]
[EventDate "2004.??.??"]
[EventType "tourn (corr)"]
[EventRounds "10"]
[SourceTitle "Corr 2020"]
[Source "ChessBase"]
[SourceDate "2019.09.30"]
[SourceVersion "1"]
[SourceVersionDate "2019.09.30"]
[SourceQuality "1"]
[WhiteTeam "Spain"]
[BlackTeam "Norway"]
[WhiteTeamCountry "ESP"]
[BlackTeamCountry "NOR"]

1. e4 c6 2. d4 d5 3. Nc3 dxe4 4. Nxe4 Bf5 5. Ng3 Bg6 6. h4 h6 7. Nf3 Nd7 8. h5 Bh7 9. Bd3 Bxd3 10. Qxd3 Ngf6 11. Bf4 e6 12. 0-0-0 Be7 13. Kb1 0-0 14. Ne4 Nxe4 15. Qxe4 Nf6 16. Qe2 Qd5 17. Be5 Qe4 18. Qxe4 Nxe4 19. Rhf1 a5 20. c3 a4 21. Nd2 Nf6 22. Bxf6 Bxf6 23. g4 Rfd8 24. Kc2 c5 25. dxc5 Be7 26. Ne4 f5 27. gxf5 exf5 28. Nd6 Bxd6 29. Rxd6 Rxd6 30. cxd6 Rd8 31. Rd1 Kf7 32. c4 b6 33. Kc3 Ke6 34. Kb4 Rxd6 35. Rxd6+ Kxd6 36. Kb5 a3 37. b4 Kc7 38. f4 Kb7 39. c5 bxc5 40. Kxc5 Kc7 41. b5 Kb7 42. b6 Kb8 43. Kc6 Kc8 44. b7+ 1-0

[Event "IECC M-4975"]
[Site "IECC email"]
[Date "2004.03.10"]
[Round "?"]
[White "Hervas, Fernando"]
[Black "Tew, Paul"]
[Result "1/2-1/2"]
[WhiteElo "1961"]
[BlackElo "1932"]
[PlyCount "108"]
[EventDate "2004.??.??"]
[EventType "tourn (corr)"]
[EventRounds "10"]
[SourceTitle "Corr 2020"]
[Source "ChessBase"]
[SourceDate "2019.09.30"]
[SourceVersion "1"]
[SourceVersionDate "2019.09.30"]
[SourceQuality "1"]
[WhiteTeam "Spain"]
[BlackTeam "Wales"]
[WhiteTeamCountry "ESP"]
[BlackTeamCountry "WLS"]

1. e4 e6 2. d4 d5 3. Nc3 Bb4 4. e5 c5 5. a3 Bxc3+ 6. bxc3 Ne7 7. Qg4 0-0 8. Bd3 f5 9. exf6 Rxf6 10. Bg5 Rf7 11. Qh4 h6 12. Bxe7 Rxe7 13. Ne2 Nc6 14. f4 Rc7 15. Qxd8+ Nxd8 16. 0-0 Bd7 17. Rae1 Ba4 18. c4 dxc4 19. Bg6 Rc6 20. dxc5 Rxc5 21. Nd4 Rd5 22. c3 Bd7 23. Rf2 Rc8 24. Rfe2 Rcc5 25. g3 b6 26. Re4 a6 27. Rb1 Rd6 28. Re5 Rc7 29. Nf3 Nc6 30. Ree1 Ne7 31. Be4 Ba4 32. Nd4 Bd7 33. Nf3 Ba4 34. Nd4 Be8 35. Rb2 Bd7 36. Nf3 b5 37. Ne5 Bc6 38. Bb1 Bb7 39. h4 Nc6 40. Nf3 Na5 41. Ne5 Nb3 42. Rbe2 Rc8 43. Bg6 Rf8 44. Kh2 Nc5 45. Kg1 Nd3 46. Rd2 Nxe5 47. Rxd6 Nxg6 48. Rexe6 Nh8 49. Re7 Nf7 50. Rdd7 Bc8 51. Rc7 Bf5 52. Ra7 Bc8 53. Rac7 Bg4 54. Ra7 Bc8 1/2-1/2

[Event "IECC CL1-2003.12 email"]
[Site "IECC email"]
[Date "2003.09.28"]
[Round "?"]
[White "Hervas, Fernando"]
[Black "Braakhuis, Wilfried FR"]
[Result "1/2-1/2"]
[WhiteElo "1906"]
[BlackElo "2316"]
[PlyCount "90"]
[EventDate "2003.??.??"]
[EventType "tourn (corr)"]
[EventRounds "4"]
[SourceTitle "Corr 2008"]
[Source "ChessBase"]
[SourceDate "2008.06.24"]
[SourceVersion "1"]
[SourceVersionDate "2008.06.24"]
[SourceQuality "1"]

1. e4 c5 2. c3 d5 3. exd5 Qxd5 4. d4 e6 5. Nf3 Nf6 6. Nbd2 Nc6 7. Bc4 Qd6 8. dxc5 Qxc5 9. 0-0 Bd7 10. Re1 Be7 11. Qe2 0-0 12. Ne4 Nxe4 13. Qxe4 Bf6 14. Be3 Qf5 15. Qxf5 exf5 16. Bg5 Bxg5 17. Nxg5 h6 18. Rad1 Rad8 19. Nf3 Rfe8 20. Rxe8+ Bxe8 21. Rxd8 Nxd8 22. Kf1 Kf8 23. Nd4 Bd7 24. Ke2 Ke7 25. f4 a6 26. b3 Be6 27. Kd3 b5 28. Bxe6 fxe6 29. Nf3 Nc6 30. Ne5 Nxe5+ 31. fxe5 Kd7 32. a3 Kc6 33. c4 g5 34. Kd4 bxc4 35. Kxc4 h5 36. g3 g4 37. Kd4 Kb5 38. Kd3 Kc5 39. Ke3 Kd5 40. Kf4 Kd4 41. b4 Kd5 42. Kg5 Kxe5 43. a4 Kd5 44. b5 axb5 45. axb5 Kc5 1/2-1/2

[Event "IECC CL1-2003.12 email"]
[Site "IECC email"]
[Date "2003.09.28"]
[Round "?"]
[White "Makowski, Tomasz"]
[Black "Hervas, Fernando"]
[Result "0-1"]
[WhiteElo "2027"]
[BlackElo "1893"]
[PlyCount "76"]
[EventDate "2003.??.??"]
[EventType "tourn (corr)"]
[EventRounds "4"]
[SourceTitle "Corr 2008"]
[Source "ChessBase"]
[SourceDate "2008.06.24"]
[SourceVersion "1"]
[SourceVersionDate "2008.06.24"]
[SourceQuality "1"]

1. e4 e5 2. f4 d5 3. exd5 e4 4. d3 Nf6 5. Qe2 Bg4 6. Nf3 Qxd5 7. Nbd2 Nc6 8. dxe4 Qh5 9. c3 0-0-0 10. h3 Bd6 11. Rg1 Bxf4 12. hxg4 Bg3+ 13. Kd1 Nxg4 14. Kc2 Bf2 15. g3 Ne3+ 16. Kb1 Bxg1 17. Nxg1 Qxe2 18. Bxe2 Rhe8 19. Nh3 f6 20. Nf2 Ne5 21. Nb3 N3c4 22. Nd4 Nd6 23. Kc2 h5 24. Bf4 g6 25. Rd1 a6 26. Bf1 Ndf7 27. Bh3+ Kb8 28. b4 g5 29. Bc1 Rh8 30. Nf5 Rxd1 31. Kxd1 Nd6 32. Be3 Nxf5 33. Bxf5 b6 34. Bd4 Kb7 35. Ke2 h4 36. gxh4 gxh4 37. Kf1 Rg8 38. Ng4 Nxg4 0-1